| 000 | 00859nam a2200241 a 4500 | ||
|---|---|---|---|
| 999 |
_c4620 _d4620 |
||
| 001 | 4620 | ||
| 003 | BD-JhCC | ||
| 005 | 20171129101911.0 | ||
| 008 | 171129s1976 b ||||| |||| 00| 0 b d | ||
| 035 | _a(BD-JhCC) | ||
| 040 |
_aBD-JhCC _dBD-JhCC |
||
| 041 | _aben | ||
| 082 |
_a914 _bSAI 1976 |
||
| 100 | _aএ. এফ. এম. সাইয়ীদ | ||
| 245 |
_aইউরোপ : দুই মহাযুদ্ধের অন্তর্বতীকাল / _cএ. এফ. এম. সাইয়ীদ :রফিক উদ্দীন আহমেদ |
||
| 260 |
_aঢাকা : _bবংলা একাডেমী, _c১৯৭৬ |
||
| 300 |
_a256 p. : _c22cm. |
||
| 650 | _aEurope | ||
| 700 | _aএ. এফ. এম. সাইয়ীদ | ||
| 700 | _aআহমেদ, উদ্দীন, রফিক | ||
| 942 |
_2ddc _cBK |
||